000
00238nam a2200109Ia 4500
008
190216s9999||||xx |||||||||||||| ||und||
100
_a
Sunami
245
0
_a
Hindi-Aghir Jeet Hamari
260
_b
Rajadhani
650
_a
Hindi
942
_c
BK
999
_c
15502
_d
15502